000
00320nam a2200133Ia 4500
005
20260328104327.0
008
260328s9999||||xx |||||||||||||| ||und||
100
_a
Gasparini, Graziano
245
0
_a
Casa Venezolana /
_c
Graziano Gasparini
260
_b
Armitano
300
_a
364 p.
650
_a
VENEZUELA
942
_c
BK
999
_c
11580
_d
11580